000 00457nam a2200133Ia 4500
008 100328s9999 xx 000 0 und d
082 _b60819
100 _aपोंक्षे राजीव.
245 _aजन्म गुन्हेगारांचा.
260 _bपार्टनर.
630 _aजन्म गुन्हेगारांचा.
730 _aजन्म गुन्हेगारांचा.
942 _cBOOK
999 _c546937
_d546934